01218cam a2200313 a 45000010008000000030004000080050017000120080041000290100017000700200015000870400018001020500018001200820022001381000030001602450110001902600065003003000037003654900025004024900036004276000027004636000058004906300064005486510045006126550031006576550030006887000028007188000095007468300063008413069858OSt20210223145917.0970227s1997 coua b 000 1 eng  a 97010887  a1561795518 aDLCcDLCdDLC00aPS3134bW187B00a813/.4221bW187B1 aWallace, Lew,d1827-1905.10aBen-Hur :ba tale of the Christ /cby Lew Wallace ; with an introduction and afterword by Joe L. Wheeler. aColorado Springs, Colo. :bFocus on the Family Pub.,cc1997. axxxvii, 577 p. :bill. ;c23 cm.1 aWallace series ;v#11 aClassic collection series ;v#210aJesus ChristvFiction.00aTiberius,cEmperor of Romed42 B.C.-37 A.D.vFiction.00aBible.pNew TestamentxHistory of Biblical eventsvFiction. 0aRomexHistoryyTiberius, 14-37vFiction. 7aHistorical fiction.2gsafd 7aChristian fiction.2gsafd1 aWheeler, Joe L.,d1936-1 aWallace, Lew,d1827-1905.tNovels.fSelections (Focus on the Family (Organization)) ;v#1. 0aClassic collection series (Colorado Springs, Colo.) ;v#2.